书目信息 |
| 题名: |
玩透瑞士
|
|
| 作者: | 苏瑞铭 著 ;蒋玉霜 摄影 | |
| 分册: | ||
| 出版信息: | 北京 电子工业出版社 2014 |
|
| 页数: | 269页 | |
| 开本: | 21cm | |
| 丛书名: | 达人旅行手册 | |
| 单 册: | ||
| 中图分类: | K952.29 | |
| 科图分类: | ||
| 主题词: | 旅游指南--瑞士 | |
| 电子资源: | ||
| ISBN: | 978-7-121-23386-9 | |
| 000 | 01098nam0 2200325 450 | |
| 001 | 789 | |
| 001 | 01CN11321519@CSLN | |
| 005 | 20170105095253.34 | |
| 010 | @a978-7-121-23386-9@dCNY49.80 | |
| 096 | @aK952.2@bsrm | |
| 100 | @a20140928d2014 em y0chiy50 ea | |
| 101 | 0 | @achi |
| 102 | @aCN@b110000 | |
| 105 | @aab z 000yy | |
| 200 | 1 | @a玩透瑞士@9wan tou rui shi@dSwitzerland@zeng@f苏瑞铭著@g蒋玉霜摄影 |
| 210 | @a北京@c电子工业出版社@d2014 | |
| 215 | @a269页@c彩图,地图@d21cm | |
| 225 | 2 | @a达人旅行手册 |
| 305 | @a由台湾太雅出版有限公司授权出版 | |
| 312 | @a本书原名:瑞士 | |
| 330 | @a本书以优美、流畅的文笔,简明扼要地阐述了瑞士的地理环境、政治经济、历史变革、文化艺术,以大量富有艺术感染力的彩色照片,生动形象地展示了瑞士最具特色的名胜古迹、风土人情和自然风光。 | |
| 461 | 0 | @12001 @a达人旅行手册 |
| 510 | 1 | @aSwitzerland@zeng |
| 517 | 1 | @a瑞士@9rui shi |
| 606 | 0 | @a旅游指南@y瑞士 |
| 690 | @aK952.29@v5 | |
| 701 | 0 | @a苏瑞铭@9su rui ming@4著 |
| 702 | 0 | @a蒋玉霜@9jiang yu shuang@4摄影 |
| 801 | 0 | @aCN@b唐山师范学院图书馆@c20160723 |
| 905 | @aZUCC@dK952.29@e435 | |
| 玩透瑞士=Switzerland/苏瑞铭著/蒋玉霜摄影.-北京:电子工业出版社,2014 |
| 269页:彩图,地图;21cm.-(达人旅行手册) |
| ISBN 978-7-121-23386-9:CNY49.80 |
| 本书以优美、流畅的文笔,简明扼要地阐述了瑞士的地理环境、政治经济、历史变革、文化艺术,以大量富有艺术感染力的彩色照片,生动形象地展示了瑞士最具特色的名胜古迹、风土人情和自然风光。 |
| ● |
| 相关链接 |
|
|
|
|
正题名:玩透瑞士
索取号:K952.29/435
 
预约/预借
| 序号 | 登录号 | 条形码 | 馆藏地/架位号 | 状态 | 备注 |
| 1 | 903460 | 209034604 | 第二样本阅览室/ [索取号:K952.29/435] | 在馆 | |
| 2 | 903461 | 209034613 | 第二借阅区/ [索取号:K952.29/435] | 在馆 | |
| 3 | 903462 | 209034622 | 第二借阅区/ [索取号:K952.29/435] | 在馆 | |
| 4 | 903463 | 209034631 | 第二借阅区/ [索取号:K952.29/435] | 在馆 | |
| 5 | 903464 | 209034640 | 第二借阅区/ [索取号:K952.29/435] | 在馆 |